|
|
|
|
| LEADER |
00000nam a2200000 a 4500 |
| 001 |
vtls011583823 |
| 003 |
SK-MaSNL |
| 005 |
20260302052324.0 |
| 008 |
240318s2016 xr g 010 f cze |
| 015 |
|
|
|a SNBZSA2016/10
|
| 020 |
|
|
|a 9788072437184
|q (viazané)
|
| 035 |
|
|
|a 9CBC19C6-0C48-4FB2-A561-53F4DA436AEF
|
| 035 |
|
|
|a urn:nbn:sk:snk-amycc6
|
| 035 |
|
|
|a urn:nbn:sk:snk-am00cfhc
|
| 040 |
|
|
|a SNK
|b slo
|c SNK
|e AACR2
|
| 041 |
1 |
|
|a cze
|h slo
|
| 044 |
|
|
|a xr
|c CZ
|
| 072 |
|
7 |
|a 821.162.4
|x Slovenská literatúra
|2 konspekt
|
| 080 |
|
|
|a 821.162.4-31
|2 2011
|
| 080 |
|
|
|a (0:82-312.5)
|2 2011
|
| 100 |
1 |
|
|a Scherhauferová, Ružena,
|d 1950-
|4 aut
|9 261631
|
| 240 |
1 |
0 |
|a Emine slzy.
|l Česky
|
| 245 |
1 |
0 |
|a Eminy slzy
|c Ružena Scherhauferová ; [přeložila Ludmila Dobríková]
|
| 250 |
|
|
|a První vydání
|
| 260 |
|
|
|a Praha
|b Brána
|c 2016
|
| 300 |
|
|
|a 339 s.
|c 19 cm
|
| 655 |
|
7 |
|a slovenské romány
|2 SNKPH
|9 70324
|
| 655 |
|
7 |
|a ľúbostné romány
|2 SNKPH
|9 70497
|
| 655 |
|
7 |
|a Slovak fiction
|2 SNKPHeng
|9 277096
|
| 655 |
|
7 |
|a Love novels
|2 SNKPHeng
|9 277756
|
| 700 |
1 |
|
|a Dobríková, Ludmila
|4 trl
|9 551081
|
| 919 |
|
|
|a 978-80-7243-718-4
|
| 958 |
|
|
|a ZS
|
| 958 |
|
|
|a NB
|
| 999 |
|
|
|c 1104701
|d 1106631
|
| 952 |
|
|
|a SNK
|b SNK
|y PREZ
|7 0
|p 17A1215946
|o snkSD 85636
|i snk2016/24117
|8 4
|g 10.09
|0 0
|1 0
|4 0
|d 2016-10-04
|f 1
|l 0
|r 2026-02-24 17:42:14
|w 2026-02-24
|
| 952 |
|
|
|a SNK
|b SNK
|y PREZ
|7 0
|p 17A1249836
|o snkSD 85636 D1
|i snk2016/27357
|8 2
|g 11.07
|0 0
|1 0
|4 0
|d 2016-10-20
|l 0
|r 2026-02-24 17:42:14
|w 2026-02-24
|